FIFA U17 World Cup Top 4 1985-2023 - Statistics

General Stats
  • This quiz has been taken 34 times
  • The average score is 24 of 33
Answer Stats
Titles in Runners-up in Third place in Fourth place in Nation % Correct
1997, 1999, 2003, 2019 1995, 2005 1985, 2017 2011 Brazil
97%
2023 - 2007, 2011 1997 Germany
97%
1985, 1993, 2007, 2013, 2015 1987, 2001, 2009 - - Nigeria
97%
- 1991, 2003, 2007, 2017 1997, 2009 - Spain
97%
- - 1991, 1995, 2003 2001, 2013, 2023 Argentina
94%
2017 - - - England
94%
2005, 2011 2013, 2019 - 2015 Mexico
94%
2001 2023 2019 - France
91%
- - - 1987 Italy
91%
- - - 1999 USA
91%
- - - 2003, 2009 Colombia
88%
- - 1989 - Portugal
88%
- - 1993 - Chile
85%
- - 2013 - Sweden
85%
- 1999 - - Australia
82%
- 2011 - - Uruguay
82%
- - 2005 2019 Netherlands
79%
2009 - - - Switzerland
79%
- - - 2005 Turkey
79%
- - 2015 - Belgium
76%
1991, 1995 1993, 1997 1999 2007 Ghana
76%
- - - 1993 Poland
76%
1987 - - - Soviet Union
70%
- 1989 - - Scotland
67%
- - 1987 - Ivory Coast
64%
- 2015 2023 2017 Mali
61%
- - - 1991 Qatar
55%
1989 - - - Saudi Arabia
55%
- 1985 - - West Germany
39%
- - 2001 - Burkina Faso
30%
- - - 1985 Guinea
27%
- - - 1995 Oman
24%
- - - 1989 Bahrain
18%
No matching quizzes found
Score Distribution
Percent of People with Each Score
Percentile by Number Answered
Your Score History
You have not taken this quiz